|
|
|
|
| LEADER |
01421nam a2200301 a 4500 |
| 001 |
4453610 |
| 008 |
110322r19981996njua b 001 0 eng d |
| 035 |
|
|
|9 (DLC) 95043663
|
| 010 |
|
|
|a 95043663
|
| 020 |
|
|
|a 8120312821
|
| 020 |
|
|
|a 013213778X
|
| 040 |
|
|
|a DLC
|c DLC
|d DLC
|d BD-DhAAL
|
| 050 |
0 |
0 |
|a T58.6
|b .L376 1996
|
| 082 |
0 |
0 |
|a 658.4/038
|2 20
|
| 100 |
1 |
|
|a Laudon, Kenneth C.,
|d 1944-
|
| 245 |
1 |
0 |
|a Management information systems :
|b organization and technology /
|c Kenneth C. Laudon, Jane Price Laudon.
|
| 250 |
|
|
|a 4th ed.
|
| 260 |
|
|
|a Upper Saddle River, N.J. ;
|a New delhi :
|b Prentice Hall,
|c c1996 [reprinted 1998].
|
| 300 |
|
|
|a 1 v. (various pagings) :
|b ill. (some col.) ;
|c 29 cm.
|
| 504 |
|
|
|a Includes bibliographical references and indexes.
|
| 541 |
1 |
|
|e 0006954
|
| 650 |
|
0 |
|a Management information systems.
|
| 700 |
1 |
|
|a Laudon, Jane Price.
|
| 852 |
4 |
|
|a Ayesha Abed Library
|c General shelf.
|
| 999 |
|
|
|c 10567
|d 10567
|
| 952 |
|
|
|0 0
|1 0
|2 ddc
|4 0
|6 658_403800000000000_LAU
|7 0
|9 14861
|a BRACUL
|b BRACUL
|c GEN
|d 2011-03-22
|l 1
|m 1
|o 658.4038 LAU
|p 3010006954
|r 2014-02-09
|s 2014-02-02
|t 1
|w 2011-03-22
|y BK
|
| 952 |
|
|
|0 0
|1 0
|2 ddc
|4 0
|6 658_403800000000000_LAU
|7 0
|9 14863
|a BRACUL
|b BRACUL
|c GEN
|d 2011-03-23
|l 3
|m 19
|o 658.4038 LAU
|p 3010006955
|r 2020-01-07
|s 2019-12-10
|t 2
|w 2011-03-23
|y BK
|
| 952 |
|
|
|0 0
|1 0
|2 ddc
|4 0
|6 658_403800000000000_LAU
|7 0
|9 43256
|a SCL
|b SCL
|c GEN
|d 1998-11-11
|l 0
|o 658.4038 LAU
|p 3020000498
|r 2014-07-17
|t 3
|w 2014-07-17
|y BK
|